Kaleidoscope (Record no. 554343)

000 -LEADER
fixed length control field 00327nam a22001217a 4500
082 ## - DEWEY DECIMAL CLASSIFICATION NUMBER
Classification number 813.54
Author Mark MUS
100 ## - MAIN ENTRY--PERSONAL NAME
Personal name Mustayeen Ahmad khan
9 (RLIN) 51793
245 ## - TITLE STATEMENT
Title Kaleidoscope
Remainder of title Eclectic Reflexions
260 ## - PUBLICATION, DISTRIBUTION, ETC.
Place of publication, distribution, etc. Lahore,
Name of publisher, distributor, etc. Ajmal Publication,
Date of publication, distribution, etc. 2000.
300 ## - PHYSICAL DESCRIPTION
Extent 160p.
526 ## - STUDY PROGRAM INFORMATION NOTE
Program name 0
Interest level 0
Reading level 0
Title point value 813_540000000000000_MUS
942 ## - ADDED ENTRY ELEMENTS (KOHA)
Source of classification or shelving scheme
Koha item type Book
Holdings
Withdrawn status Lost status Source of classification or shelving scheme Damaged status Not for loan Permanent Location Current Location Date acquired Total Checkouts Full call number Barcode Date last seen Date last checked out Price effective from Koha item type
          Military College of Engineering (MCE) Military College of Engineering (MCE) 02/19/2020 1 813.54 MUS MCE-51383 02/21/2020 02/19/2020 02/19/2020 Book
© 2023 Central Library, National University of Sciences and Technology. All Rights Reserved.